| 000 | 01112 a2200217 4500 | ||
|---|---|---|---|
| 003 | NUST | ||
| 005 | 20221121173049.0 | ||
| 020 | _a0070611610 | ||
| 040 | _cNust | ||
| 082 | _a515.5,BAR | ||
| 100 |
_aBarcellos, Anthony _9103078 |
||
| 245 |
_aCalculus and analytic geometry / _cAnthony Barcellos |
||
| 250 | _a4th ed. | ||
| 260 |
_aNew york _bMcgraw Hill _c1987 |
||
| 300 | _a796 p.: | ||
| 490 | _astudent's solution manual | ||
| 505 | _aFunctions (Page-1), Limits And Continuous Functions (Page-13), The Derivative (Page-43), Applications Of The Derivatives(Page-77), The Definite Integral (Page-135), Topics In Differential Calculus (Page-167), Computing Anti derivatives (Page-239), Applications Of The Definite Integral (Page-335), Series And Complex Numbers (Page-439), Partial Derivatives (Page-537)Definite Integrals over plane and Solid Regions (Page-579), The Derivative of a Vector Function (Page-655), Green's Theorem, the Divergence Theorem, and Stokes' Theorem (Page-655). | ||
| 600 |
_aAnthony Barcellos _9103294 |
||
| 650 |
_aCalculus and Geometry _9103295 |
||
| 942 |
_2ddc _cBK _k515.5,BAR |
||
| 999 |
_c181470 _d181470 |
||